| 000 | 01041nam a22002417a 4500 | ||
|---|---|---|---|
| 999 |
_c22344 _d22344 |
||
| 003 | AR-CdUCM | ||
| 008 | 190429b ||||| |||| 00| 0 spa d | ||
| 040 |
_aMUNICIPALIDAD PROVINCIAL DEL CUSCO _cBIBLIOTECA MUNICIPAL DEL CUSCO |
||
| 082 | _aOpciones/N°4/1995 | ||
| 245 |
_aOpciones : _brevista de análisis debate y alternativas a los problemas regionales en medio ambiente y desarrollo / _cUniversidad Nacional de San Antonio Abad del Cusco |
||
| 260 |
_aCusco. _bAlpha, _c1995. |
||
| 300 |
_a60 páginas. : _c28 cm. |
||
| 440 |
_aOpciones. _nAño II, número IV, junio 1995. _947892 |
||
| 505 | _aContenido: Machupicchu y su entorno. -- Proyecto Plan Maestro de Machupicchu. -- Cultivo de Anís. -- Poblaciones indígenas en Madre de Dios. ... | ||
| 650 |
_aEcología _94960 |
||
| 650 |
_aBiodiversidad _919327 |
||
| 650 |
_aMedio Ambiente _947890 |
||
| 650 |
_aDesarrollo rural _94384 |
||
| 700 |
_aSalazar Braganini, Dario _947893 |
||
| 710 |
_aInstituto Andino de Ecología y Desarrollo _947891 |
||
| 942 |
_2ddc _cPP |
||
| 945 | _arac | ||